| 000 | 00941nam a2200265 a 4500 | ||
|---|---|---|---|
| 001 | BRCA_4764 | ||
| 005 | 20190320204808.0 | ||
| 008 | 011010r1947----u--a######---#000-0#eng-# | ||
| 041 | _aeng | ||
| 044 | _au | ||
| 050 | 4 |
_aNK2205 _b.A76 2 _c1947 |
|
| 100 | 1 |
_aAronson, Joseph _911877 |
|
| 245 | 1 | 0 |
_aThe Encyclopedia of Furniture _cby Joseph Aronson. |
| 260 |
_aEstados Unidos de América _bCrown _c12a reimp. 1947 |
||
| 300 |
_avi, 202 p. _bil. _c28 cm. |
||
| 500 | _aEstado físico: Camisa deteriorada | ||
| 500 | _aEnciclopedia inventariada por Banco de México como libro | ||
| 500 | _aEjemplar igual a D53 (4a reimp. 1941) y 3127 (14a reimp. 1949). Ver también Y187 (3a ed. 1965) y No. de sistema 6117 (Gran Bretaña, 1966) | ||
| 500 | _aY125 | ||
| 504 | _aBibliografía: p. 201-202 | ||
| 650 | 1 | 4 |
_aMuebles _vDiccionarios _911878 |
| 650 | 1 | 4 |
_aDecoración y ornamentación _vDiccionarios _91977 |
| 902 | _aGFM | ||
| 942 |
_2lcc _cB |
||
| 999 |
_c4462 _d4462 |
||